1470 1610 1232 1085 1749 1648 1170 1878 1337 1072 1189 1320 1089 1173 1679 1454 1450 1940 1576 1860 1676 1714 1560 1406 1251 1485 1933 1097 1897 1150 1092 1724 1667 1225 1688 1569 1592 1208 1875 1050 1092 1566 1339 1047 1934 1811 1802 1569 1198 1712 1880 1249 1563 1625 1072 1564 1209 1190 1794 1785 1435 1754 1130 1706 1118 1214 1698 1470 1921 1700 1770 1158 1393 1527 1586 1915 1907 1257 1993 1365 1380 1109 1042 1340 1674 1957 1303 1422 1462 1884 1260 1068 1468 1204 1288 1571 1149 1747 1259 BCNSPRNW ULIB Ver.6.0+V

เปลี่ยนเป็นภาษาไทย

Change to English
 แสดงรายละเอียดบรรณานุกรม
  กลับหน้าหลัก

Brief Record : Get Marc (ISO 2709) : E-mail record : QR code < ปิดหน้าต่าง
LEADER : 00000nam 2200000uu 4500
001    13399110291
003     ULIB
008    110427s2552||||th 000 0 tha d
020    9786161100704
060  4 WM172^bพ186ก 2552
100 0  พจนา ปิยะกรณ์ชัย
245 10 การตอบสนองของบุคคลต่อภาวะเครียด =^bHuman response to stress/^cพจนา ปิยะกรณ์ชัย
246 31 Human response to stress
260    นนทบุรี :^bโครงการสวัสดิการวิชาการ สถาบันพระบรมราชชนก,^c2552
300    40 หน้า ;^c21 ซม.
650  4 ความเครียด
650  4 สุขภาพจิต
710 2  สถาบันพระบรมราชชนก. ^bโครงการสวัสดิการวิชาการ
945    ^p100^l0^i027036
945    ^p100^l0^i027035
945    ^p100^l0^i027034
995    ทศพร
999 ^a ใช้งานได้ทุกระบบ
รายการนี้ยังไม่มีแท็ก
คุณยังไม่ได้ล็อกอิน คุณสามารถมีกิจกรรมร่วมกับเว็บไซต์ได้ แต่ต้องล็อกอินก่อน ::
  ล็อกอิน

รายการสื่อสารสนเทศ

ลำดับที่ ประเภท เลขเรียก/บาร์โค้ด สถานที่ สถานะ
- ไม่พบข้อมูล -

รายการใกล้เคียง
    ผู้แต่ง [พจนา ปิยะกรณ์ชัย]

    หัวเรื่อง [ความเครียด]
    หัวเรื่อง [สุขภาพจิต]

BibComment


ยังไม่เคยถูกคอมเมนท์

คอมเมนท์ทรัพยากรรายการนี้
  คอมเมนท์: การตอบสนองของบุคค..


 Copyright 2026. Bcnsprnw @Library